| 000 | 01660nam a2200289 a 4500 | ||
|---|---|---|---|
| 001 | BRCA_2445 | ||
| 005 | 20190320203819.0 | ||
| 008 | 181108s1808----sp-#---###---#000-0#spa-u | ||
| 041 | _aspa | ||
| 044 | _asp | ||
| 084 |
_a085 _b.B375 _c1808 |
||
| 100 | 1 |
_aCervantes Saavedra, Miguel de _d1547-1616 _9213 |
|
| 245 | 1 | 0 |
_aVida y hechos del Ingenioso Caballero Don Quixote de la Mancha _cpor Miguel de Cervantes Saavedra. |
| 260 |
_aMadrid _bViuda de Barco López _c1808 |
||
| 300 |
_a4 v. _c16 cm. |
||
| 500 | _aContenido : v 1. Primera parte. Dedicatoria de Cide Hamete Benegeli. Algunos de los versos preliminares. Prólogo del autor. Texto. -- v 2. Resto de los versos preliminares. Texto. -- v 3. Segunda parte. Composiciones poéticas de los académicos de Argamasilla. Prólogo del autor. Texto. -- v 4. Texto | ||
| 500 | _aEdición : Nueva edición repartida en quatro tomos en octavo para la mayor comodidad. Dedicada al mismo D. Quixote | ||
| 500 | _aEdición copiada de la madrileña de Manuel Martín, año 1782, pero sin los grabados. Aunque económica, es clara y de fácil lectura, como casi toda las que publicó el mencionado M. Martín, que entre todos los impresores españoles de fines del siglo XVII, fue el que más atribuyó a la divulgación del Quijote Lúdovik Osterc | ||
| 500 | _aQM66 | ||
| 650 | 1 | 4 |
_aNovela española _yÉpoca clásica, 1500-1700 _9215 |
| 650 | 1 | 4 |
_aLiteratura española _yÉpoca clásica, 1500-1700 _9216 |
| 650 | 1 | 4 |
_aNovela española _ySiglo XVII _9217 |
| 650 | 1 | 4 |
_aDon Quijote (Personaje ficticio) _eNovela _9218 |
| 740 | 0 | _aEl Ingeniso Hidalgo Don Quijote de la Mancha | |
| 902 | _aQFM | ||
| 942 |
_2lcc _cB |
||
| 999 |
_c2186 _d2186 |
||